000
00343 a2200157 4500
001
63954
020
_a
9788532524898 (broch.)
040
_c
Anchieta - Pituba
100
_a
Bonder, Nilton.
240
1
0
_a
A cabala da comida
_l
por
245
1
0
_a
A cabala da comida
300
_a
142p.
362
0
_a
2010
650
4
_a
Judaismo
942
_c
BK
999
_c
63954
_d
63954